=LDR 00000nam 2200000 4500 =001 INLIS000000000030977 =005 20240814125942 =035 ##$$a 0010-061300000030977 =008 240814################a##########0#ind## =041 ##$$a ind =082 ##$$a 028.5 =090 ##$$a 028.5, Mua a =100 ##$$a Muakhir, Ali =245 1#$$a Amat kuat /$c Ali Muakhir; penerjemah, Harisa Permatasari =260 ##$$a Jakarta :$b Bumi Aksara Group,$c (s.a) =300 ##$$a 23 hlm : $b Ilus ; $c 21 cm =650 #4$$a Bacaan Anak Muslim =850 ##$$a NBPNMAT =020 ##$$a 978-979-010-440-2 =084 ##$$a 028.5 MUA a =990 ##$$a 20901739 =990 ##$$a 20901737 =990 ##$$a 20901737 =990 ##$$a 20901739